| 000 | 006380000a22002170004500 | ||
|---|---|---|---|
| 003 | LK-CoMWRAF | ||
| 005 | 20230928220329.0 | ||
| 008 | 230817t ||||| |||| 00| 0 eng d | ||
| 020 | _a0620264055 | ||
| 040 |
_aLK-CoMWRAF _dLK-CoMWRAF _eLK-CoMWRAF |
||
| 041 | _aeng | ||
| 082 |
_a297.52 _bJEE |
||
| 100 | _aJeenah, Na'eem | ||
| 100 | _aShaikh, Shamima | ||
| 245 | _aJourney of discovery a South African Hajj | ||
| 260 |
_aSouth Africa : _bFull Moon, _c2000 |
||
| 300 | _a157 p. ; 21 cm. | ||
| 650 | _aMuslim pilgrims and pilgrimages--Saudi Arabia--Mecca | ||
| 650 | _aMuslim pilgrims and pilgrimages--South Africa. | ||
| 942 | _cBK | ||
| 999 |
_c644 _d644 |
||